Ethics Of Big Data (Record no. 334896)

MARC details
000 -LEADER
fixed length control field 00438nam a2200169Ia 4500
008 - FIXED-LENGTH DATA ELEMENTS--GENERAL INFORMATION
fixed length control field 230718s9999 xx 000 0 und d
020 ## - INTERNATIONAL STANDARD BOOK NUMBER
International Standard Book Number 9789350238806
041 ## - LANGUAGE CODE
Language code of text/sound track or separate title eng
082 ## - DEWEY DECIMAL CLASSIFICATION NUMBER
Classification number 658.4'038
Item number DAV
100 ## - MAIN ENTRY--PERSONAL NAME
Personal name Davis K.
9 (RLIN) 145952
245 ## - TITLE STATEMENT
Title Ethics Of Big Data
260 ## - PUBLICATION, DISTRIBUTION, ETC. (IMPRINT)
Date of publication, distribution, etc. 2012
Name of publisher, distributor, etc. O'Reilly / SPD
300 ## - PHYSICAL DESCRIPTION
Extent 64
365 ## - TRADE PRICE
Currency code Rs.
Price amount 150.00
700 ## - ADDED ENTRY--PERSONAL NAME
Personal name Davis K.
9 (RLIN) 145952
906 ## - LOCAL DATA ELEMENT F, LDF (RLIN)
d O:0366922-Jan-2014B:441525-Oct-2013
c COMP
b 33
Holdings
Withdrawn status Lost status Damaged status Not for loan Home library Current library Date acquired Vendor Budget Code Cost, normal purchase price Bill number Total Checkouts Full call number Barcode Date last seen Discount Cost, replacement price Bill Date Koha item type Original Barcode
        Cummins College of Engineering for Women Pune Cummins College of Engineering for Women Pune 22/01/2014 Technical Book Services COMP 117.00 4415   658.4'038 CCEP-BK-46103 18/07/2023 33 150.00 25/10/2013 Books 046103